Harry Potter et la coupe de feu - Statistiques

Statistiques générales
  • Ce quiz a été pris 457 fois
  • Le résultat moyen est 12 sur 15
Statistiques - réponses
Question Réponse % Correct
Nom de la participante française Fleur Delacour
95%
Nom de l'autre participant Harry Potter
94%
Nom du participant de Durmstrang Viktor Krum
93%
Directeur de Poudlard Albus Dumbledore
92%
Nom de l'école française y participant Beauxbâtons
90%
Nom du participant initiale de Poudlard Cédric Diggory
90%
Nom de l'autre école participant au tournoi Durmstrang
87%
Couleur de l'oeuf qu'Harry gagne à la première épreuve Or
79%
Accompagnateur d'Hermione au bal de Noël Viktor Krum
77%
Nom de celui ce faisant passer pour Alastor Maugrey Barty Croupton
75%
Directrice de Beauxbâtons Olympe Maxime
73%
Directeur de Durmstrang Igor Karkaroff
72%
Objet transportant Harry dans un cimetière Portoloin
72%
Nom du tournoi organisé à Poudlard Tournoi des trois sorciers
68%
Accompagnatrice d'Harry au bal de Noël Parvati Patil
67%
Aucun quiz correspondant
Distribution des résultats
% des personnes avec chaque résultat
Percentile par nombre de réponses
Votre historique - résultats
Vous n’avez pas pris ce quiz